|
|
|
|
| LEADER |
00856nam a22002417a 4500 |
| 001 |
43629 |
| 003 |
BD-DhAAL |
| 005 |
20250817144411.0 |
| 008 |
241029t1997 enk||||| |||| 00| 0 eng d |
| 020 |
|
|
|a 0304349577
|
| 020 |
|
|
|a 9780304349579
|
| 040 |
|
|
|a BD-DhAAL
|d BD-DhAAL
|
| 082 |
|
|
|a 423.1
|
| 100 |
|
|
|a Firnberg, david.
|9 57076
|
| 245 |
|
|
|a The cassell spelling dictionary /
|c David Firnberg.
|
| 260 |
|
|
|a London :
|b Cassell,
|c ©1997.
|
| 300 |
|
|
|a 278 pages ;
|c 20 cm.
|
| 541 |
|
|
|a Savar Campus Library
|e 43629
|
| 650 |
|
|
|a English language
|x Orthography and spelling
|x Dictionaries.
|9 57077
|
| 650 |
|
|
|a Spellers.
|
| 942 |
|
|
|2 ddc
|c BK
|
| 999 |
|
|
|c 47077
|d 47077
|
| 952 |
|
|
|0 0
|1 0
|2 ddc
|4 0
|6 423_100000000000000_FRI
|7 0
|9 76840
|a SCL
|b SCL
|c GEN
|d 2024-10-29
|e Savar Campus Library
|l 0
|o 423.1 FRI
|p 3020043629
|r 2024-10-29
|t 1
|w 2024-10-29
|y BK
|x Price not available in register.
|